| 000 | 00899nam a2200301 i 4500 | ||
|---|---|---|---|
| 001 | 000038236 | ||
| 003 | DO-SdBNP | ||
| 005 | 20250206132144.0 | ||
| 007 | ta | ||
| 008 | 130405s2017 dr r 000 0 spa d | ||
| 020 | _a9789945600834 | ||
| 040 |
_aDO-SdBNP _bspa _cBNPHU _erda |
||
| 041 | _hspa | ||
| 082 | 4 |
_aRD863.44 _bS194e _222 |
|
| 100 | 1 |
_aSan Juan, Mario de, _d1955- _eautor _964609 |
|
| 245 | 1 | 3 |
_aLa esperanza es de color azul : _bnovela / _cMario de San Juan. |
| 264 |
_aSanto Domingo : _bSantuario, _c2017. |
||
| 300 |
_a130 páginas ; _c22 cm. |
||
| 336 |
_ardacontent _btexto _2txt |
||
| 337 |
_ardamedia _bsin mediación _2n |
||
| 338 |
_ardacarrier _bvolumen _2nc |
||
| 500 | _aIncluye datos biográficos del autor en las solapas | ||
| 590 | _aInventariado, 2020/BT | ||
| 650 | 4 |
_aNovela dominicana _9223 |
|
| 650 | 4 | _aLiteratura dominicana | |
| 910 | _aDG | ||
| 942 |
_2ddc _cLBS1 |
||
| 999 |
_c37726 _d37726 |
||